000 00379nam a2200145Ia 4500
008 220217s9999||||xx |||||||||||||| ||und||
020 _a978-81-259-2791-4
082 _a624 BHA
100 _aBhavikatti, S.S.
245 0 _aStrength of meterials
250 _a3rd
260 _aVikas publishing house
_bNew Delhi
_c2010
300 _aXIII, 408p.
_b260
650 _aCIVIL
999 _c179175
_d179175